Skip to content
VuFind
Language
English
Español
Todo
Libros
eBooks
Revistas
Tesis
Audiovisual
Búsqueda Combinada
All Fields
Title
Author
Subject
Call Number
ISBN/ISSN
Tag
Find
Advanced
Diccionario de perífrasis verb...
Cite this
Text this
Print
Export Record
Export to RefWorks
Export to EndNoteWeb
Export to EndNote
Permanent link
Diccionario de perífrasis verbales
Bibliographic Details
Main Author:
García, L.
Holdings
Description
Preview
Similar Items
Staff View
MARC
LEADER
00000 a2200000 4500
040
|a
CL-VaUT
100
|a
García, L.
245
|a
Diccionario de perífrasis verbales
336
|2
rdacontent
|a
text
|b
txt
337
|2
rdamedia
|a
unmediate
|b
n
338
|2
rdacarrier
|a
volume
|b
nc
999
|c
52741
|d
52741
Similar Items
Las perífrasis verbales del español : una perspectiva histórica /
by: Fernández Martín, Patricia
Published: (2019)
Perífrasis
Published: (2010)
Algunas perífrasis aspectuales del español /
by: Fogsgaard, Lene
Published: (2002)
Arte verbal, signo verbal, tiempo verbal /
by: Jakobson, Román 1896-1982
Published: (1995)
La comunicación no verbal : el cuerpo y el entorno.
by: Knapp, Mark L
Published: (1995)
Also by García, L.
Para entender la psiquiatría : diez temas básicos /
by: García Cantalapiedra, María Jesús, et al.
Published: (2015)
Filosofía del derecho : entre regeneracionismo y II república (1900-1936) /
by: Rubio Castro, Ana
Published: (2019)